Change! : seventy-one glimpses of the future /

Bibliographic Details
Main Author: Asimov, Isaac, 1920-1992
Format: Book
Language:English
Published: Boston : Houghton Mifflin, 1981.
Subjects:

MARC

Tag First Indicator Second Indicator Subfields
LEADER 00000pam a2200000 a 4500
001 in00000090454
005 20151008063716.0
008 810430s1981 mau 00010 eng
010 |a  81004235  
020 |a 039531545X :  |c $10.95 
035 |a (OCoLC)07553906 
035 |9 AAK2778AM 
039 0 |a 2  |b 3  |c 3  |d 3  |e 3 
040 |a DLC  |c DLC  |d TXA  |d UtOrBLW 
049 |a TXAM  |c [1361592] 
050 0 0 |a Q162  |b .A77 
082 0 |a 500  |2 19 
100 1 |a Asimov, Isaac,  |d 1920-1992. 
245 1 0 |a Change! :  |b seventy-one glimpses of the future /  |c Isaac Asimov. 
264 1 |a Boston :  |b Houghton Mifflin,  |c 1981. 
300 |a xii, 201 pages ;  |c 22 cm. 
336 |a text  |b txt  |2 rdacontent 
337 |a unmediated  |b n  |2 rdamedia 
338 |a volume  |b nc  |2 rdacarrier 
650 0 |a Science  |v Popular works. 
999 |a MARS 
999 f f |s 28261235-f51e-39af-87d6-0843067ce0e7  |i 391602bd-3fe8-3e90-ae63-37b630dca5fa  |t 0 
952 f f |p ric  |a Texas A&M University  |b Rellis Campus  |c Joint Library Facility  |d Remote Storage  |t 0  |e Q162 .A77  |h Library of Congress classification  |i unmediated -- volume  |m A14806199163 
998 f f |a Q162 .A77  |t 0  |l Remote Storage